zpět

Detail výsledku týmu

The Pub Praha 2 ST, Praha

Datum a čas kvízu

30 Celkem bodů Celkový počet nahraných bodů na tomto kvízu bez doplňovacích otázek.
16. Pořadí na kvízu Konečné umístění týmu na tomto kvízu.

Zaznamenané odpovědi

# Otázka Odpověď Body Výsledky
1. Jeden z ministrů české vlády m... Oto Klempíř 1
2. Že USA společně s Izraelem zaú... C 1
3. Za název televizní show, jejíž... Survivor, Rest 0.5
4. V pátek byla oznámena fúze dvo... Paramount (Skydance), Warner Bros. (Discovery) 1
5. Armand Duplantis, světový reko... C 0
6. Zatímco v českých atlasech ten... Iberové 1
7. Vyberte správné tvrzení týkají... B 0
8. Červeně vyznačená oblast na se... Baskicko, Bilbao 0
9. Jak se jmenuje portugalský mys... C 0
10. Poslední otázka se týká města... Porto 1